| 000 | 00551cam a22001692a 4500 | ||
|---|---|---|---|
| 001 | 001218 | ||
| 003 | AR-FADEU | ||
| 008 | 311216ndici####xxu####################dd | ||
| 100 | _aSantillán, Laura V., Stefani, Andrés, Natta Vera, Ariana C. | ||
| 245 | _aMuseo histórico regional "Lorenzo Vintter" | ||
| 260 | _bFacultad de Derecho y Ciencias Sociales | ||
| 260 | _aGeneral Roca | ||
| 260 | _cdiciembre 2005 | ||
| 440 | _aComunicación comunitaria e institucional | ||
| 650 | _aMUSEO LORENZO VINTTER-GENERAL ROCA/COMUSOCIAL/ | ||
| 942 | _cFOLLETO | ||
| 999 |
_c1709 _d1709 |
||